| 000 | 00739nam a22002177a 4500 | ||
|---|---|---|---|
| 999 |
_c64536 _d64536 |
||
| 005 | 20240530110736.0 | ||
| 008 | 180718s1991 le g 00| 0dara d | ||
| 040 |
_aEG-CaGPL _cEG-CaGPL |
||
| 082 | 0 | 4 |
_221 _a210 / _bع ب |
| 100 | 0 | _aعبدالغنى عبدالخالق | |
| 245 | 1 | 0 |
_aبحوث فى السنة المشرفة : _bبحث اصولى / _cعبدالغنى عبدالخالق |
| 250 | _aط.1 | ||
| 260 |
_aبيروت : _bدار الجيل، _c1991. |
||
| 300 |
_a60 ص. ؛ _c24 سم. |
||
| 650 | 0 | 7 |
_2qrmak _aالدين الاسلامى |
| 650 | 0 | 7 |
_2qrmak _aالسنة النبوية |
| 650 | 0 | 7 |
_2qrmak _aالشريعة الاسلامية |
| 651 | _2qrmak | ||
| 942 |
_2ddc _cBK |
||